000 02581nam a22003613i 4500
001 EBC6354113
003 MiAaPQ
005 20211125175652.0
007 cr cnu||||||||
008 211122s2020 xx o ||||0 ger d
020 _a9783406750496
_q(electronic bk.)
020 _z9783406750489
040 _aMiAaPQ
_beng
_cMiAaPQ
100 1 _aGaehtgens, Thomas W.
245 1 0 _aNotre-Dame :
_bGeschichte einer Kathedrale.
250 _a1st ed.
264 1 _aMünchen :
_bC.H. Beck,
_c2020.
264 4 _c{copy}2020.
300 _a1 online resource (130 pages)
336 _aText
_btxt
_2rdacontent
337 _aComputermedien
_bc
_2rdamedia
338 _aOnline Resource
_bcr
_2rdacarrier
490 1 _aBeck'sche Reihe ;
_vv.2913
500 _aE-Book-ProQuest / Fernzugriff nach Registrierung möglich
505 0 _aCover -- Titel -- Zum Buch -- Über den Autor -- Impressum -- Inhalt -- Vorwort -- I. Die gotische Kathedrale -- Kathedrale und Königskirche -- Eine Kathedrale für die Hauptstadt -- Chor, Langhaus, nördliche und südliche Querschiffe -- Die Westfassade -- Die Westportale -- Die Königsgalerie -- Die Querhausfassaden und die Porte Rouge -- Die vollendete Kathedrale -- Königskirche vom Mittelalter bis zur Renaissance -- II. Die Kathedrale der Könige -- Eine Hochzeit mit dramatischen Folgen -- Festliche Ereignisse und Staatstrauer -- Calvinisten im Chor von Notre-Dame -- Das Gelübde Ludwigs XIII. -- Stiftungen der Bürger: Die «Mays» (Maibilder) -- Kardinal de Beaumont -- Ein Grabdenkmal der Aufklärung -- III. Tempel und Kirche der Nation -- Tempel und Nationaldenkmal -- Vandalismus -- Die Kaiserkrönung Napoleons I. -- Gotteshaus der Restauration -- Der Roman von Victor Hugo -- Die Restaurierung unter Lassus und Viollet-le-Duc -- IV. Die Kathedrale der Republik -- Die Trennung von Kirche und Staat -- Nationalkirche -- Dichterische Inspiration und Deutung der Kathedrale -- Vom Ersten zum Zweiten Weltkrieg -- 15. April 2019 -- Gläubige und Besucher -- Ausgewählte Literatur -- Bildnachweis -- Plan von Paris (Truschet/Hoyau) um 1550, Ausschnitt mit der Île de la Cité -- Plan von Paris (Plan Turgot) 1734-1736, Ausschnitt mit der Île de la Cité.
651 4 _aNotre-Dame
655 4 _aElectronic books.
655 _aFernzugriff
776 0 8 _iPrint version:
_aGaehtgens, Thomas W.
_tNotre-Dame
_dMünchen : C.H. Beck,c2020
_z9783406750489
830 0 _aBeck'sche Reihe
856 4 0 _uhttps://ebookcentral.proquest.com/lib/maxweberstiftung-ebooks/detail.action?docID=6354113
_zVolltext
942 _cEB
_2z
999 _c58384
_d58384